000 00618nam a2200229Ia 4500
003 OSt
005 20221007075545.0
006 a|||||r|||| 00| 0
007 ta
008 221006b |||||||| |||| 00| 0 eng d
024 _a16,769
037 _cTextual
040 _aFLL
_cFLL
_beng
041 _2eng
_aeng
082 _aY1:6.2.N7, L4
100 _aKhare Brij B.
245 0 _aIndia political attitudes and social change
260 _aNew Delhi
_bLight & Life Publishers India
_c1974
300 _a264p
_ccm.
942 _hY1:6.2.N7, L4
_cTEXL
_2CC
999 _c1156523
_d1156523